| 000 | 00550nam a2200157Ia 4500 | ||
|---|---|---|---|
| 008 | 220216s9999 xx 000 0 und d | ||
| 100 | _aJoseph T | ||
| 245 | 0 | _aProduction and utilization of rubber (Hevea) wood in India | |
| 260 |
_bIn:Proceedings of National Seminar on Processing and Utilization of Plantation Timbers and Bamboo, 23-24 July 1998, IPIRTI, Bangalore, India, pp. 151-157. _c1998 |
||
| 650 | _aIndia | ||
| 650 | _aWood production | ||
| 650 | _aWood utilization | ||
| 700 | _aGeorge K T | ||
| 700 | _aViswanathan P K | ||
| 942 | _cBO | ||
| 999 |
_c48255 _d48255 |
||